000 00447nam a22001697a 4500
003 BD-ChCU
005 20260426123923.0
008 260426b bg ||||| |||| 00| 0 ben d
040 _cBD-ChCU
082 _a360 TIC
100 _aTitmuss, Richard M.
_921926
245 _aCommitment to welfare.//
_cM. Titmuss, Richard.
260 _aLondon.
_bAllen & Unwin,
_c1968
300 _a272p
650 0 _aSocial Welfare.
_921927
942 _2ddc
_cBK
_n0
999 _c112435
_d112435